Windows Server 2003 in a nutshell (Record no. 6267)

000 -LEADER
fixed length control field 00747 a2200205 4500
020 ## - INTERNATIONAL STANDARD BOOK NUMBER
International Standard Book Number 0596004044
040 ## - CATALOGING SOURCE
Original cataloging agency Library of Congress
Language of cataloging English
082 04 - DEWEY DECIMAL CLASSIFICATION NUMBER
Classification number 005.4469
100 1# - MAIN ENTRY--PERSONAL NAME
Personal name Tulloch, Mitch.
245 10 - TITLE STATEMENT
Title Windows Server 2003 in a nutshell
Statement of responsibility, etc. Mitch Tulloch.
250 ## - EDITION STATEMENT
Edition statement 1st ed.
260 ## - PUBLICATION, DISTRIBUTION, ETC.
Place of publication, distribution, etc. Sebastopol, CA :
Name of publisher, distributor, etc. O'Reilly,
Date of publication, distribution, etc. c2003.
300 ## - PHYSICAL DESCRIPTION
Extent xi, 647 p. ;
Dimensions 23 cm.
490 1# - SERIES STATEMENT
Series statement In a nutshell
650 #0 - SUBJECT ADDED ENTRY--TOPICAL TERM
Topical term or geographic name entry element Operating systems (Computers)
830 #0 - SERIES ADDED ENTRY--UNIFORM TITLE
Uniform title In a nutshell (O'Reilly & Associates)
856 42 - ELECTRONIC LOCATION AND ACCESS
Materials specified Publisher description
Uniform Resource Identifier <a href="http://www.loc.gov/catdir/enhancements/fy0715/2004555002-d.html">http://www.loc.gov/catdir/enhancements/fy0715/2004555002-d.html</a>
856 42 - ELECTRONIC LOCATION AND ACCESS
Materials specified Contributor biographical information
Uniform Resource Identifier <a href="http://www.loc.gov/catdir/enhancements/fy0912/2004555002-b.html">http://www.loc.gov/catdir/enhancements/fy0912/2004555002-b.html</a>
942 ## - ADDED ENTRY ELEMENTS (KOHA)
Koha item type Book
Call number prefix 005.4469
Source of classification or shelving scheme
Holdings
Withdrawn status Lost status Damaged status Not for loan Collection code Permanent Location Current Location Shelving location Total Checkouts Full call number Barcode Date last seen Price effective from Koha item type
          Central Library (CL) Central Library (CL) First Floor - Operating System/ Data Structure   005.4469 SEECS008106 11/14/2012 01/05/2017 Book
© 2023 Central Library, National University of Sciences and Technology. All Rights Reserved.